Statistics for NCAAM Basketball Logo Quiz: ACC

Click here to take the quiz!

General Stats

  • This quiz has been taken 491 times
    (307 since last reset)
  • The average score is 14 of 15

Answer Stats

Answer% Correct
Clemson
97%
Duke
97%
Georgia Tech
96%
Miami
96%
North Carolina
96%
Notre Dame
96%
Virginia
96%
Virginia Tech
96%
Wake Forest
96%
Boston College
95%
Pittsburgh
95%
Syracuse
95%
Florida State
94%
Louisville
94%
NC St.
88%

Score Distribution

Percentile by Number Answered

Percent of People with Each Score

Your Score History

You have not taken this quiz since the last reset